| 000 | 00626nam a2200181Ia 4500 | ||
|---|---|---|---|
| 003 | GCL | ||
| 008 | 140319s9999 xx 000 0 ara d | ||
| 040 |
_aGCL / _cGCL |
||
| 082 | 0 | 4 |
_a341.774 _bع ق |
| 100 | 1 | _aعبدالله الاشعل | |
| 245 | 1 | 0 |
_aالقانون الدولى لمكافحة الارهاب / _cعبدالله الاشعل |
| 260 |
_aالقاهرة : _bمؤسسة الطوبجى للتجارة والطباعة والنشر ، _c2003 |
||
| 300 |
_a164 ص ؛ _c24 سم |
||
| 650 | 0 | 4 | _aالقانون الدولى |
| 650 | 0 | 4 | _aالارهاب |
| 650 | 0 | 4 | _aالارهاب الدولى |
| 942 |
_2ddc _cBK |
||
| 999 |
_c5837 _d5837 |
||